| 000 | 01058cam a22003013a 4500 | ||
|---|---|---|---|
| 001 | 10584 | ||
| 003 | PGUSA | ||
| 005 | 20140828083226.0 | ||
| 008 | 040101s2004||||xxu|||||s|||||000 1 eng d | ||
| 040 |
_aPGUSA _beng |
||
| 042 | _adc | ||
| 050 | 4 | _aPZ | |
| 100 | 1 | _aBeach, Charles Amory | |
| 245 | 1 | 0 |
_aAir Service Boys over the Atlantic; Or, The Longest Flight on Record _h[electronic resource] / _cCharles Amory Beach |
| 260 |
_bProject Gutenberg, _c2004 |
||
| 506 | _aPublic domain in the USA. | ||
| 516 | _aElectronic text | ||
| 653 | _aAirplanes -- Piloting -- Juvenile fiction | ||
| 653 | _aAeronautics -- Juvenile fiction | ||
| 653 | _aParmly, Jack (Fictitious character) -- Juvenile fiction | ||
| 653 | _aDetective and mystery stories | ||
| 653 | _aWorld War, 1914-1918 -- Aerial operations -- Juvenile fiction | ||
| 653 | _aRaymond, Tom (Fictitious character) -- Juvenile fiction | ||
| 653 | _aAir pilots -- Juvenile fiction | ||
| 830 | 0 |
_aProject Gutenberg _v10584 |
|
| 856 | 4 | 0 | _uhttp://www.gutenberg.org/ebooks/10584 |
| 942 | _cEB | ||
| 999 |
_c239839 _d239839 |
||